Безопасность полета в условиях опасных внешних воздействий: сборник научных трудов

Bibliographische Detailangaben
Körperschaft: Киевский институт инженеров гражданской авиации
Weitere Verfasser: Максимов В. С. (редактор)
Sprache:Russisch
Veröffentlicht: Киев, КИИГА, 1982
Schlagworte:
Format: Buch
KOHA link:https://koha.lib.tpu.ru/cgi-bin/koha/opac-detail.pl?biblionumber=91999

MARC

LEADER 00000nam0a2200000 4500
001 91999
005 20231101213814.0
020 |a RU  |b 83-44565 
035 |a (RuTPU)RU\TPU\book\98592 
090 |a 91999 
100 |a 20060303d1982 k a0rusy5003 ca 
101 0 |a rus 
102 |a UA 
105 |a a z 001zy 
200 1 |a Безопасность полета в условиях опасных внешних воздействий  |e сборник научных трудов  |f Киевский ин-т инженеров гражданской авиации им. 60-летия СССР  |g под ред.: В. С. Максимова  |f Киевский институт инженеров гражданской авиации; под ред. В. С. Максимова 
210 |a Киев  |c КИИГА  |d 1982 
215 |a 110 с.  |c ил.  |d 20 см 
610 1 |a полеты 
610 1 |a метеорологические условия 
610 1 |a сборники 
610 1 |a безопасность 
675 |a 656.7.085.2  |z rus 
702 1 |a Максимов  |b В. С.  |4 340 
712 0 2 |a Киевский институт инженеров гражданской авиации  |2 stltpush  |3 (RuTPU)RU\TPU\col\7483  |9 24336 
801 0 |a RU  |b RuMRKP  |c 19950704  |g psbo 
801 1 |a RU  |b 63413507  |c 20060303  |g PSBO 
801 2 |a RU  |b 63413507  |c 20070305  |g PSBO 
942 |c BK